[Event "Titled Tue 3rd Jun Early"]
[Site "chess.com INT"]
[Date "2025.06.03"]
[Round "5"]
[White "Sanhueza, Cristian"]
[Black "Molina, Roberto Junio Brito"]
[Result "0-1"]
[WhiteTitle "FM"]
[BlackTitle "IM"]
[WhiteElo "2182"]
[BlackElo "2381"]
[WhiteFideId "116815"]
[BlackFideId "2109450"]
[EventDate "2025.06.03"]

1. e4 c6 2. d4 d5 3. exd5 cxd5 4. c4 Nf6 5. Nc3 e6 6. c5 Be7 7. Nf3 O-O 8. Bd3
b6 9. b4 Nc6 10. b5 Nb4 11. c6 Nxd3+ 12. Qxd3 a6 13. Bf4 axb5 14. Nxb5 Ba6 15.
O-O Ne4 16. a4 Nd6 17. Rfc1 Nc4 18. Ne5 Nxe5 19. Bxe5 Bf6 20. Qg3 Bxe5 21. Qxe5
Qe7 22. c7 Qd7 23. Nd6 Ra7 24. Nb5 Rb7 25. h4 f6 26. Qg3 Bxb5 27. axb5 Rc8 28.
Ra6 Qxb5 29. Qd6 Kf7 30. h5 g6 31. Ra8 Rxa8 32. c8=Q Rxc8 33. Rxc8 Re7 34. Qd8
Qe8 35. hxg6+ hxg6 36. Qxe8+ Rxe8 37. Rc7+ Re7 38. Rc8 Rb7 39. Kf1 b5 40. Ke2 b4
41. Rb8 Rxb8 0-1

[Event "Titled Tue 3rd Jun Early"]
[Site "chess.com INT"]
[Date "2025.06.03"]
[Round "5"]
[White "Hobaica, Juan Pablo"]
[Black "Velikanov, Alexander"]
[Result "1-0"]
[WhiteTitle "IM"]
[BlackTitle "IM"]
[WhiteElo "2412"]
[BlackElo "2372"]
[WhiteFideId "104159"]
[BlackFideId "2039290"]
[EventDate "2025.06.03"]

1. e4 e6 2. d4 d5 3. Nd2 dxe4 4. Nxe4 Bd7 5. Nf3 Bc6 6. Bd3 Nd7 7. O-O Ngf6 8.
Nxf6+ Qxf6 9. c3 Bxf3 10. Qxf3 Qxf3 11. gxf3 Bd6 12. c4 c5 13. dxc5 Nxc5 14. Bc2
Rc8 15. b4 Nd7 16. c5 Be5 17. Rb1 b6 18. Ba4 Ke7 19. c6 Nf6 20. b5 Nd5 21. Ba3+
Kf6 22. Rfe1 Nc3 23. Bb2 Bd4 24. Bxc3 Bxc3 25. Red1 Rhd8 26. Kf1 Bd4 27. Ke2 Rd6
28. f4 g6 29. Bb3 Rcd8 30. a4 h5 31. Rd3 Bc5 32. Rxd6 Bxd6 33. Rd1 Ke7 34. Kf3
Bc7 35. Rxd8 Kxd8 36. h3 Ke7 37. Ke4 Kd6 38. f5 gxf5+ 39. Kf4 Bd8 40. Kf3 Kc5
41. Kf4 Kd4 42. Bd1 h4 43. Bc2 Kc3 44. Bd1 Kd2 45. Bh5 Bc7+ 46. Kg5 Ke1 47. Bxf7
Kxf2 48. Bxe6 f4 49. Kxh4 f3 50. Bg4 Ke3 51. Bxf3 Kxf3 52. Kg5 Bd8+ 53. Kf5 Kg3
54. Ke6 Bc7 55. Kd7 Be5 56. c7 Bxc7 57. Kxc7 1-0

[Event "Titled Tue 3rd Jun Early"]
[Site "chess.com INT"]
[Date "2025.06.03"]
[Round "5"]
[White "Manukian, Artak"]
[Black "Ejsymont, Blanka"]
[Result "0-1"]
[BlackTitle "WCM"]
[WhiteElo "2104"]
[BlackElo "1907"]
[WhiteFideId "13301373"]
[BlackFideId "21088268"]
[EventDate "2025.06.03"]

1. e4 c5 2. Nf3 Nc6 3. c3 d5 4. exd5 Qxd5 5. d4 Nf6 6. Be3 Bg4 7. Be2 e6 8. h3
Bf5 9. dxc5 Qxd1+ 10. Bxd1 Nd5 11. Ba4 Nxe3 12. fxe3 Bxc5 13. Nd4 O-O 14. Bxc6
bxc6 15. Nd2 Bd3 16. O-O-O e5 17. N2b3 Bxd4 18. exd4 Be4 19. dxe5 Bxg2 20. Rh2
Be4 21. Re1 Bd5 22. Nd4 Rfe8 23. b3 c5 24. Nf5 Re6 25. c4 Bc6 26. Rhe2 Bf3 27.
Re3 Bh5 28. Nd6 Bg6 29. Nb7 Rc8 30. Kd2 Rc7 31. Nd6 Rd7 32. Kc3 f6 33. Nb5 fxe5
34. Rxe5 Rxe5 35. Rxe5 Rd3+ 36. Kb2 Rxh3 37. Rxc5 Rh2+ 38. Ka3 h5 39. Nxa7 h4
40. Rg5 Kh7 41. Nc6 h3 42. Ne5 Re2 43. Rxg6 h2 0-1

[Event "Titled Tue 3rd Jun Early"]
[Site "chess.com INT"]
[Date "2025.06.03"]
[Round "5"]
[White "Amarasinghe, A A C B"]
[Black "Matskevich, Varvara"]
[Result "1-0"]
[WhiteTitle "CM"]
[BlackTitle "WFM"]
[WhiteElo "1949"]
[BlackElo "1988"]
[WhiteFideId "9901809"]
[BlackFideId "13523465"]
[EventDate "2025.06.03"]

1. d4 Nf6 2. c4 d6 3. Nc3 Nbd7 4. e4 e5 5. Nf3 c6 6. Be2 Be7 7. O-O O-O 8. h3
Qc7 9. Be3 Rd8 10. Rc1 Nf8 11. Re1 Ng6 12. Qc2 Nh5 13. Bf1 Nhf4 14. Qd2 Be6 15.
d5 Bd7 16. Red1 c5 17. Ne2 Nxe2+ 18. Bxe2 a6 19. b4 b6 20. Rb1 h6 21. Rdc1 f5
22. exf5 Bxf5 23. Rb2 Bf6 24. Rb3 Rdb8 25. g4 Be4 26. Ne1 Nh4 27. f3 Bh7 28. Ng2
Nxg2 29. Kxg2 Qf7 30. Bd3 Re8 31. Bxh7+ Kxh7 32. Qc2+ Kg8 33. Qe4 Bg5 34. Bxg5
hxg5 35. bxc5 bxc5 36. Rcb1 Rf8 37. Rb7 Qf4 38. Rd7 Rad8 39. Qxf4 gxf4 40. Rbb7
Rxd7 41. Rxd7 Rf6 42. g5 Rg6 43. h4 Kf8 44. Kh3 Ke8 45. Ra7 e4 46. fxe4 f3 47.
Kg3 1-0

[Event "Titled Tue 3rd Jun Early"]
[Site "chess.com INT"]
[Date "2025.06.03"]
[Round "5"]
[White "Gholami Orimi, Mahdi"]
[Black "Barp, Alberto"]
[Result "1-0"]
[WhiteTitle "GM"]
[BlackTitle "IM"]
[WhiteElo "2511"]
[BlackElo "2414"]
[WhiteFideId "12558486"]
[BlackFideId "872555"]
[EventDate "2025.06.03"]

1. Nf3 Nf6 2. g3 g6 3. Bg2 Bg7 4. c4 O-O 5. O-O c5 6. b3 d5 7. Bb2 d4 8. Ne5 Qc7
9. f4 Nfd7 10. Nd3 Nc6 11. e3 e5 12. e4 f6 13. f5 b6 14. h4 Ne7 15. g4 gxf5 16.
gxf5 Kh8 17. Nf2 Rg8 18. Qh5 Nb8 19. d3 Bd7 20. Bc1 Be8 21. Qf3 Nbc6 22. h5 Nb4
23. Na3 a6 24. Qh3 Bf7 25. h6 Bf8 26. Ng4 Qd6 27. Rf3 Nec6 28. Bd2 Be7 29. Kh2
Qd8 30. Rg1 Nxa2 31. Bf1 Nc3 32. Rfg3 Qd6 33. Nf2 Rxg3 34. Rxg3 Rg8 35. Rg7 Nd8
36. Ng4 Bf8 37. Rxg8+ Bxg8 38. Be1 Be7 39. Bh4 Nf7 40. Kg1 Qd8 41. Kf2 Nd1+ 42.
Ke2 Ne3 43. Nxe3 dxe3 44. Nc2 Bf8 45. Nxe3 Bxh6 46. Nd5 Bg5 47. Bxg5 Nxg5 48.
Qh6 Bxd5 49. cxd5 Nf7 50. Qh5 Nd6 51. Qh6 Qf8 52. Qxf8# 1-0

[Event "Titled Tue 3rd Jun Early"]
[Site "chess.com INT"]
[Date "2025.06.03"]
[Round "5"]
[White "Begunov, Konstantin"]
[Black "Khoo-Thwe, Louis"]
[Result "1-0"]
[WhiteTitle "FM"]
[BlackTitle "CM"]
[WhiteElo "2325"]
[BlackElo "2214"]
[WhiteFideId "4118510"]
[BlackFideId "1538756"]
[EventDate "2025.06.03"]

1. d4 d5 2. c4 dxc4 3. Nf3 Nf6 4. e3 e6 5. Bxc4 c5 6. O-O a6 7. Nc3 b5 8. Bb3
Bb7 9. Qe2 c4 10. Bc2 Nbd7 11. e4 Nb6 12. d5 exd5 13. exd5+ Be7 14. Re1 Nbxd5
15. Bg5 Nxc3 16. bxc3 Qc7 17. Bxf6 gxf6 18. Nd4 Rg8 19. g3 Qc5 20. Bxh7 Rh8 21.
Be4 Bxe4 22. Qxe4 Ra7 23. Nc6 f5 24. Qf3 Kf8 25. Nxa7 Qxa7 26. Qxf5 Bc5 27. Re5
Bd6 28. Re6 Qd7 29. Rae1 Be7 30. Qe5 fxe6 31. Qxh8+ Kf7 32. Qh7+ Ke8 33. h4 Qd2
34. Qe4 Qxc3 35. Qxe6 Qg7 36. h5 c3 37. h6 Qh7 38. Qc8+ Kf7 39. Qxc3 1-0

[Event "Titled Tue 3rd Jun Early"]
[Site "chess.com INT"]
[Date "2025.06.03"]
[Round "5"]
[White "Sindarov, Islombek"]
[Black "Drygalov, Sergey"]
[Result "1-0"]
[WhiteTitle "CM"]
[BlackTitle "GM"]
[WhiteElo "2129"]
[BlackElo "2560"]
[WhiteFideId "14205475"]
[BlackFideId "24171743"]
[EventDate "2025.06.03"]

1. Nf3 d5 2. g3 Nf6 3. Bg2 e6 4. O-O Be7 5. d3 c5 6. Nbd2 Nc6 7. e4 O-O 8. c3 b5
9. Qe2 a5 10. d4 cxd4 11. Qxb5 Qc7 12. Re1 dxc3 13. bxc3 a4 14. exd5 exd5 15.
Nd4 Nxd4 16. cxd4 a3 17. Nf3 Ba6 18. Qb1 Ne4 19. Bf4 Qa5 20. Ne5 Rab8 21. Qxb8
Rxb8 22. Nc6 Qb5 23. Nxe7+ Kf8 24. Bxb8 Kxe7 25. Rab1 Qd3 26. Bf1 Qxd4 27. Bxa6
Qxf2+ 28. Kh1 Qf3+ 29. Kg1 Qf2+ 30. Kh1 Qxa2 31. Bf1 Qf2 32. Bg2 a2 33. Ra1 f5
34. Rf1 Qd4 35. Rxa2 g6 36. Ra7+ 1-0

[Event "Titled Tue 3rd Jun Early"]
[Site "chess.com INT"]
[Date "2025.06.03"]
[Round "5"]
[White "Demchenko, Yaroslav"]
[Black "Cahaya, Satria Duta"]
[Result "0-1"]
[WhiteTitle "CM"]
[BlackTitle "FM"]
[WhiteElo "2286"]
[BlackElo "2416"]
[WhiteFideId "14186667"]
[BlackFideId "7124252"]
[EventDate "2025.06.03"]

1. Nf3 Nf6 2. b3 g6 3. Bb2 Bg7 4. d4 O-O 5. e3 d5 6. Bd3 c5 7. O-O b6 8. Nbd2
Bb7 9. Ne5 Nc6 10. a3 Nxe5 11. dxe5 Nd7 12. f4 e6 13. c4 Qc7 14. Qe2 Rfd8 15.
Rfd1 Nb8 16. Rac1 Nc6 17. b4 d4 18. b5 Ne7 19. exd4 cxd4 20. Ne4 Nf5 21. c5 bxc5
22. Nxc5 Qb6 23. Nxb7 Qxb7 24. Be4 Qb6 25. Bxa8 Rxa8 26. Qd3 Rd8 27. Rc6 Qb7 28.
Qc4 Ne3 29. Rxd4 Nxc4 30. Rxd8+ Bf8 31. Rcc8 Nxb2 32. Rxf8+ Kg7 33. g4 Kh6 34.
Rh8 Qf3 35. h3 Qg3+ 36. Kf1 Qxh3+ 37. Ke1 Qg3+ 38. Kd2 Qxf4+ 39. Kc3 Na4+ 40.
Kb3 Nb6 41. Rc2 Kg5 0-1

[Event "Titled Tue 3rd Jun Early"]
[Site "chess.com INT"]
[Date "2025.06.03"]
[Round "5"]
[White "Bukreev, Stanislav"]
[Black "Terry, Renato"]
[Result "0-1"]
[WhiteTitle "FM"]
[BlackTitle "IM"]
[WhiteElo "2328"]
[BlackElo "2508"]
[WhiteFideId "34252347"]
[BlackFideId "3803457"]
[EventDate "2025.06.03"]

1. d4 e6 2. c4 Bb4+ 3. Nd2 Nf6 4. Nf3 a5 5. a3 Bxd2+ 6. Qxd2 b6 7. b3 Bb7 8. e3
d6 9. Bd3 Nbd7 10. Bb2 Qe7 11. O-O e5 12. Be2 O-O 13. d5 Ne4 14. Qc2 f5 15. b4
Ndf6 16. Ne1 axb4 17. axb4 Rxa1 18. Bxa1 Ra8 19. Nd3 b5 20. cxb5 Bxd5 21. Bb2
Rb8 22. Rc1 Rb7 23. Ne1 Ng5 24. Qxf5 h6 25. f3 Be6 26. Qc2 Bd7 27. Qa4 Qe8 28.
e4 Ne6 29. Bc4 Kh7 30. Qa2 Nf4 31. g3 Nh3+ 32. Kg2 Ng5 33. h4 Ne6 34. Nd3 Nh5
35. g4 Qg6 36. Qa6 Rb6 37. Qa7 Nhf4+ 38. Nxf4 Nxf4+ 39. Kg3 Qf6 40. Qxc7 Ng6 41.
Qxb6 Qxh4+ 42. Kg2 Nf4+ 43. Kf1 Qh1+ 44. Kf2 Qg2+ 45. Ke3 Qxb2 46. Rg1 Qc3+ 47.
Kf2 Qxc4 48. Kg3 Ne2+ 49. Kh2 Nxg1 50. Kxg1 Bxb5 51. Qxd6 Qf1+ 52. Kh2 Qf2+ 53.
Kh1 Qxf3+ 54. Kh2 Qf4+ 55. Kg1 Qxe4 56. Qc5 Qxg4+ 57. Kf2 Qd4+ 0-1

[Event "Titled Tue 3rd Jun Early"]
[Site "chess.com INT"]
[Date "2025.06.03"]
[Round "5"]
[White "Vaganian, Rafael A"]
[Black "Sturt, Raven"]
[Result "0-1"]
[WhiteTitle "GM"]
[BlackTitle "GM"]
[WhiteElo "2449"]
[BlackElo "2459"]
[WhiteFideId "13300016"]
[BlackFideId "2007304"]
[EventDate "2025.06.03"]

1. d4 Nf6 2. Nf3 e6 3. e3 b6 4. Bd3 Bb7 5. O-O Be7 6. c4 O-O 7. Nc3 d6 8. e4
Nfd7 9. Re1 e5 10. d5 a5 11. b3 Na6 12. a3 Ndc5 13. Bc2 Bc8 14. h3 Bd7 15. Rb1
Qe8 16. b4 Nb7 17. Be3 Nb8 18. Ra1 Na6 19. Rb1 Nb8 20. Ra1 Kh8 21. Ba4 Na6 22.
Bxd7 Qxd7 23. Rb1 g6 24. Qa4 Qc8 25. Qb5 f5 26. Bg5 Bd8 27. Bh6 Rg8 28. Ng5 Bxg5
29. Bxg5 Kg7 30. exf5 gxf5 31. f4 Kf7 32. Bh4 e4 33. Nd1 axb4 34. axb4 Nb8 35.
Ne3 Ra2 36. Ra1 Rb2 37. Reb1 Re2 38. Bf2 Nd7 39. Nxf5 Kf6 40. Nd4 Rxf2 41. Kxf2
Nf8 42. Ra7 e3+ 43. Kg1 Qxh3 44. Kf1 Qxg2+ 45. Ke1 Qd2+ 46. Kf1 Qf2# 0-1

[Event "Titled Tue 3rd Jun Early"]
[Site "chess.com INT"]
[Date "2025.06.03"]
[Round "5"]
[White "Saiz Rodriguez, Daniel Evelio"]
[Black "Anakok, Deniz"]
[Result "1-0"]
[WhiteTitle "FM"]
[BlackTitle "CM"]
[WhiteElo "2187"]
[BlackElo "2058"]
[WhiteFideId "3523420"]
[BlackFideId "51603586"]
[EventDate "2025.06.03"]

1. c4 d6 2. Nc3 e5 3. Nf3 Nc6 4. d4 exd4 5. Nxd4 Nf6 6. e4 Be7 7. Be2 O-O 8. O-O
Nd7 9. Nxc6 bxc6 10. b3 Bf6 11. Bb2 Nc5 12. Qc2 Re8 13. Rfe1 a5 14. Rad1 Rb8 15.
Ba3 Bxc3 16. Qxc3 Nxe4 17. Qxa5 Qf6 18. Bf3 Bf5 19. Bb2 Qxb2 20. Qxf5 Nxf2 21.
Bxc6 Re2 22. Rxe2 Qxe2 23. Rf1 Qxa2 24. Rxf2 Qa1+ 25. Rf1 Qd4+ 26. Kh1 Rf8 27.
Bd5 Qe3 28. h4 Qg3 29. h5 Qh4+ 30. Qh3 Qd4 31. h6 g6 32. Rxf7 Qd1+ 33. Rf1+ Kh8
34. Rxd1 1-0

[Event "Titled Tue 3rd Jun Early"]
[Site "chess.com INT"]
[Date "2025.06.03"]
[Round "5"]
[White "Fernandes, Rogerio Paulo Muller"]
[Black "Mayorau, Mikita1"]
[Result "0-1"]
[BlackTitle "GM"]
[WhiteElo "2241"]
[BlackElo "2472"]
[WhiteFideId "2101599"]
[BlackFideId "13501720"]
[EventDate "2025.06.03"]

1. c4 Nf6 2. g3 c5 3. Bg2 g6 4. Nf3 Bg7 5. O-O O-O 6. Nc3 Nc6 7. a3 e6 8. Rb1 d5
9. cxd5 exd5 10. d4 Bf5 11. Ra1 cxd4 12. Nxd4 Nxd4 13. Qxd4 Ne4 14. Qxd5 Nxc3
15. Qxd8 Nxe2+ 16. Kh1 Raxd8 17. Be3 Bxb2 18. Ra2 Bd4 19. Rxe2 Bd3 20. Ree1 Bxe3
21. Rxe3 Bxf1 22. Bxf1 Rd1 23. Kg2 Rfd8 24. Bc4 a6 25. h4 b5 26. Be2 Ra1 27. Bf3
a5 28. Be2 b4 29. axb4 axb4 30. Bc4 Ra3 31. Re7 Rf8 32. Rb7 Rc3 33. Rxb4 Rc8 34.
Bd5 Rd3 35. Be4 Rd2 36. Rb3 f5 37. Bb7 Rcc2 38. Rf3 Kg7 39. Ba6 Kf6 40. Bb5 h6
41. g4 Ke5 42. gxf5 gxf5 43. Bd3 Rc3 44. Rxf5+ Ke6 45. Rf3 Rdxd3 0-1

[Event "Titled Tue 3rd Jun Early"]
[Site "chess.com INT"]
[Date "2025.06.03"]
[Round "5"]
[White "Abraham, John Z"]
[Black "Tan, Zhongyi"]
[Result "0-1"]
[BlackTitle "GM"]
[WhiteElo "2100"]
[BlackElo "2536"]
[WhiteFideId "30987318"]
[BlackFideId "8603642"]
[EventDate "2025.06.03"]

1. d4 d5 2. c4 e6 3. cxd5 exd5 4. Nc3 Nf6 5. Bg5 c6 6. e3 Be7 7. Bd3 Nbd7 8.
Nge2 O-O 9. O-O h6 10. Bh4 Re8 11. Qc2 a5 12. Rae1 b5 13. f3 Ba6 14. Nc1 Nb6 15.
Nd1 Rc8 16. Qf2 c5 17. Bf5 Rc6 18. dxc5 Bxc5 19. Nd3 b4 20. Qg3 Bd6 21. f4 Nc4
22. b3 Nd2 23. Rf2 Nde4 24. Bxe4 Nxe4 25. Qg4 Qc8 26. f5 Bxd3 27. Rf3 Rc1 28.
Bg3 Bxg3 29. hxg3 Nf6 30. Qd4 Be4 31. Rf2 Qc5 32. Qb2 Rb1 33. Qe2 Qc1 34. Rff1
Qc2 35. Rf2 Qxe2 36. Rfxe2 Rc8 37. Nf2 Rcc1 38. Nxe4 Rxe1+ 39. Rxe1 Rxe1+ 40.
Kf2 Ra1 41. Nxf6+ gxf6 42. Kf3 Rxa2 43. g4 a4 44. e4 axb3 45. exd5 b2 46. d6 0-1

[Event "Titled Tue 3rd Jun Early"]
[Site "chess.com INT"]
[Date "2025.06.03"]
[Round "5"]
[White "Hoepfl, Thomas"]
[Black "Manvelyan, Mikayel"]
[Result "0-1"]
[WhiteTitle "FM"]
[BlackTitle "FM"]
[WhiteElo "2194"]
[BlackElo "2362"]
[WhiteFideId "4615182"]
[BlackFideId "13310143"]
[EventDate "2025.06.03"]

1. e4 c5 2. Nf3 Nc6 3. Bb5 Nf6 4. Nc3 Qc7 5. O-O Nd4 6. Bc4 e6 7. d3 Ng4 8. g3
Nxf3+ 9. Qxf3 Ne5 10. Qe2 a6 11. a4 Nxc4 12. dxc4 Be7 13. Bf4 d6 14. e5 O-O 15.
Rad1 dxe5 16. Bxe5 Qc6 17. b3 b6 18. Qe4 Bb7 19. Qxc6 Bxc6 20. Bd6 Bxd6 21. Rxd6
Rfc8 22. Rfd1 Kf8 23. Ne2 Ke7 24. Nf4 g5 25. Ng2 Bf3 26. R1d2 Rd8 27. Rxd8 Rxd8
28. Rxd8 Kxd8 29. Ne1 Bc6 30. f3 Ke7 31. Kf2 f5 32. Nd3 Kd6 33. f4 h6 34. Ke3
Be4 35. Ne1 e5 36. c3 a5 37. fxg5 hxg5 38. g4 Ke6 39. gxf5+ Kxf5 40. b4 cxb4 41.
cxb4 axb4 42. Kd2 Kf4 43. c5 bxc5 44. a5 c4 45. a6 c3+ 46. Ke2 b3 0-1

[Event "Titled Tue 3rd Jun Early"]
[Site "chess.com INT"]
[Date "2025.06.03"]
[Round "5"]
[White "Shuvalov, Evgenij"]
[Black "Naranjo Moreno, Antonio"]
[Result "1/2-1/2"]
[BlackTitle "FM"]
[WhiteElo "1986"]
[BlackElo "2289"]
[WhiteFideId "4187237"]
[BlackFideId "2278626"]
[EventDate "2025.06.03"]

1. d4 Nf6 2. c4 g6 3. Nc3 Bg7 4. e4 d6 5. Nf3 O-O 6. Be2 e5 7. O-O Nc6 8. d5 Ne7
9. Ne1 Nd7 10. f3 f5 11. g4 Kh8 12. Nd3 Ng8 13. Kh1 Qh4 14. g5 fxe4 15. fxe4
Rxf1+ 16. Qxf1 h6 17. Qg2 Ne7 18. Be3 a6 19. Rf1 Kg8 20. Qf3 Kh8 21. Qf7 Ng8 22.
Qxg6 Nf8 23. Qe8 b5 24. Rxf8 Bxf8 25. Qxf8 b4 26. Nd1 Bg4 27. Qf1 Bxe2 28. Qxe2
Qxe4+ 29. Kg1 hxg5 30. N1f2 Qf5 31. Qg4 Qg6 32. Qxg5 Ne7 33. Qxg6 Nxg6 34. Nxb4
Kg7 35. Nc6 Kf6 36. Ne4+ Kf5 37. Ng3+ Kg4 38. Kf2 Rh8 39. Kg2 Nf4+ 40. Bxf4 exf4
41. Ne4 f3+ 42. Kg1 Kf4 43. Nf2 Ke3 44. Ne7 Rh5 45. h3 Rg5+ 46. Ng4+ Ke2 47. Kh2
f2 48. Nxf2 Kxf2 49. Nc6 Rg2+ 50. Kh1 Rg3 51. Kh2 Rg2+ 52. Kh1 Rg3 53. Kh2 Rg2+ 1/2-1/2

[Event "Titled Tue 3rd Jun Early"]
[Site "chess.com INT"]
[Date "2025.06.03"]
[Round "5"]
[White "Bahmani, Koorosh"]
[Black "Toroptseva, Yevheniia"]
[Result "0-1"]
[WhiteTitle "CM"]
[BlackTitle "WFM"]
[WhiteElo "2208"]
[BlackElo "2064"]
[WhiteFideId "42576750"]
[BlackFideId "34109374"]
[EventDate "2025.06.03"]

1. Nf3 g6 2. g3 Bg7 3. d4 d6 4. Bg2 Nf6 5. O-O O-O 6. b3 Ne4 7. Bb2 c5 8. Nbd2
Nxd2 9. Qxd2 Nc6 10. c4 cxd4 11. Nxd4 Nxd4 12. Bxd4 Qc7 13. Rac1 Rd8 14. Rfd1
Rb8 15. Bxg7 Kxg7 16. Qd4+ e5 17. Qxa7 Bg4 18. Qe3 Ra8 19. Rd2 Ra6 20. h3 Bf5
21. Qc3 Rda8 22. a4 Re8 23. Rcd1 f6 24. g4 Bd7 25. Qb4 Rb6 26. Qa3 Re6 27. Bd5
Re8 28. b4 Be6 29. a5 Ra6 30. Bxe6 Rxe6 31. Qb3 Rc6 0-1

[Event "Titled Tue 3rd Jun Early"]
[Site "chess.com INT"]
[Date "2025.06.03"]
[Round "5"]
[White "Gutierrez Carmona, Juan Alejandro"]
[Black "Silva, Pedro Gil Ferreira Da"]
[Result "1/2-1/2"]
[WhiteTitle "FM"]
[BlackTitle "FM"]
[WhiteElo "2036"]
[BlackElo "2262"]
[WhiteFideId "5106770"]
[BlackFideId "1946102"]
[EventDate "2025.06.03"]

1. e4 c5 2. Nf3 d6 3. d4 cxd4 4. Nxd4 Nf6 5. Nc3 a6 6. Be3 e5 7. Nf3 Be7 8. Bc4
Be6 9. Bb3 O-O 10. O-O Nbd7 11. Bxe6 fxe6 12. Ng5 Nc5 13. Bxc5 dxc5 14. Nxe6
Qxd1 15. Raxd1 Rfc8 16. Ng5 b5 17. Nf3 b4 18. Nd5 Nxd5 19. Rxd5 Bf6 20. Rfd1 c4
21. g4 h6 22. h4 Rf8 23. Kg2 Rae8 24. g5 hxg5 25. hxg5 Bd8 26. Rxe5 Rxe5 27.
Nxe5 Bb6 28. f3 Be3 29. Nxc4 Bxg5 30. Rd7 Rf6 31. Rd6 Rf8 32. Rxa6 Bf4 33. Ra7
Rd8 34. b3 Rd1 35. Rb7 Ra1 36. Rxb4 Rxa2 37. Ra4 Rxc2+ 38. Kh3 Kf7 39. Kg4 g5
40. Ra7+ Kf6 41. Rb7 Rg2+ 42. Kh3 Rg3+ 43. Kh2 Rxf3+ 44. Kg2 Rg3+ 45. Kf2 Rc3
46. Rb6+ Ke7 47. Rb5 Kf6 48. Rb6+ Ke7 49. Rb5 Rc2+ 50. Kf3 Kf6 51. Rb6+ Ke7 52.
Rb5 Kf6 53. Rb6+ Ke7 54. Rb5 1/2-1/2

[Event "Titled Tue 3rd Jun Early"]
[Site "chess.com INT"]
[Date "2025.06.03"]
[Round "5"]
[White "Genkeswaran, Genivan"]
[Black "Radchenko, Alexey"]
[Result "1-0"]
[WhiteTitle "CM"]
[BlackTitle "FM"]
[WhiteElo "2197"]
[BlackElo "2293"]
[WhiteFideId "5754496"]
[BlackFideId "4192362"]
[EventDate "2025.06.03"]

1. d4 d5 2. c4 c6 3. Nc3 Nf6 4. cxd5 cxd5 5. e3 Nc6 6. Nf3 e6 7. Bb5 Bd6 8. O-O
O-O 9. Bxc6 bxc6 10. Ne5 Qc7 11. f4 c5 12. g4 Ba6 13. Rf3 Ne4 14. Nxe4 dxe4 15.
Rh3 f6 16. g5 fxe5 17. Rxh7 Qf7 18. Rh4 exf4 19. exf4 Rad8 20. Qg4 cxd4 21. g6
Qxg6 22. Qxg6 Rf6 23. Qxe4 d3 24. Be3 Rd7 25. Qh7+ Kf7 26. Rg4 Bf8 27. Qh5+ Kg8
28. Rd1 Rd5 29. Qh4 Kf7 30. Qf2 Bd6 31. Bd4 e5 32. Be3 exf4 33. Bd4 Rff5 34.
Rxg7+ Ke6 35. Re1+ Be5 36. Bxe5 Rdxe5 37. Rxe5+ Rxe5 38. Qxf4 Re1+ 39. Kf2 Re2+
40. Kg3 d2 41. Rg6+ Kd5 42. Rg5+ Kc6 43. Qf6+ Kd7 44. Rg7+ Re7 45. Rxe7+ Kd8 46.
Qf8# 1-0

[Event "Titled Tue 3rd Jun Early"]
[Site "chess.com INT"]
[Date "2025.06.03"]
[Round "5"]
[White "Piesik, Piotr"]
[Black "Bratovic, Blaz"]
[Result "1-0"]
[WhiteTitle "IM"]
[BlackTitle "IM"]
[WhiteElo "2436"]
[BlackElo "2319"]
[WhiteFideId "1136194"]
[BlackFideId "14603551"]
[EventDate "2025.06.03"]

1. Nf3 f5 2. d3 Nc6 3. d4 e6 4. c4 Nf6 5. Nc3 Bb4 6. Bg5 O-O 7. e3 h6 8. Bxf6
Qxf6 9. Qc2 d6 10. a3 Bxc3+ 11. Qxc3 e5 12. d5 Nd8 13. c5 Nf7 14. Rc1 Bd7 15.
Be2 Qe7 16. c6 bxc6 17. dxc6 Be6 18. b4 g5 19. Nd2 d5 20. Nb3 d4 21. exd4 Bxb3
22. Qxb3 exd4 23. Rc2 d3 24. Qxd3 Rad8 25. Qe3 Ne5 26. O-O f4 27. Qc5 Qf6 28. f3
h5 29. Re1 g4 30. Bc4+ Nxc4 31. Qxc4+ Kg7 32. Qc3 Qxc3 33. Rxc3 Rd2 34. Rc5 Kf6
35. Rxh5 gxf3 36. gxf3 Rg8+ 37. Kh1 Rgg2 38. b5 Rgf2 39. Rh3 Ra2 40. Rg1 Rxa3
41. Rh6+ Kf7 42. Rh7+ Kf6 43. Rxc7 Raa2 44. Rh7 Rac2 45. Ra1 Rxf3 46. Rhxa7 Rff2
47. Rh7 f3 48. c7 Rxh2+ 49. Rxh2 Rxc7 50. Rf1 Rc3 51. Rhf2 1-0

[Event "Titled Tue 3rd Jun Early"]
[Site "chess.com INT"]
[Date "2025.06.03"]
[Round "5"]
[White "Vlassov, Nikolai"]
[Black "Vokhidov, Shamsiddin"]
[Result "0-1"]
[WhiteTitle "IM"]
[BlackTitle "GM"]
[WhiteElo "2291"]
[BlackElo "2641"]
[WhiteFideId "4103360"]
[BlackFideId "14204223"]
[EventDate "2025.06.03"]

1. e4 c5 2. c3 Nf6 3. e5 Nd5 4. d4 cxd4 5. cxd4 d6 6. Bc4 Nb6 7. Bb3 dxe5 8. Qh5
e6 9. dxe5 Nc6 10. Nc3 Nd4 11. Nf3 g6 12. Qh3 Nxb3 13. Bg5 Qd3 14. Rd1 Nc5 15.
Rxd3 Nxd3+ 16. Ke2 Nc5 17. Nb5 Nd5 18. Rd1 Bd7 19. Nc3 Nxc3+ 20. bxc3 Ne4 21.
Rxd7 Kxd7 22. Qg4 Nxc3+ 23. Kd2 Rc8 24. Bf6 Rg8 25. Ng5 Bh6 26. Qh4 Bxg5+ 27.
Bxg5 h6 28. Qxh6 Ne4+ 29. Ke3 Nxg5 30. Qxg5 Rc3+ 31. Kf4 Rgc8 32. f3 Rc2 33. Qf6
Rf8 34. Qg7 Ke8 35. Kg3 Rxa2 36. Qf6 Rd2 37. Qf4 Rd7 38. Qa4 a6 39. Qb4 Rh8 0-1

[Event "Titled Tue 3rd Jun Early"]
[Site "chess.com INT"]
[Date "2025.06.03"]
[Round "5"]
[White "Moskalenko, Alexander"]
[Black "Florescu, Codrut-Constantin"]
[Result "1-0"]
[WhiteTitle "GM"]
[BlackTitle "IM"]
[WhiteElo "2422"]
[BlackElo "2193"]
[WhiteFideId "4155351"]
[BlackFideId "1202200"]
[EventDate "2025.06.03"]

1. e4 c5 2. Nf3 Nc6 3. c3 Nf6 4. e5 Nd5 5. d4 cxd4 6. cxd4 e6 7. a3 d6 8. Bd3
Be7 9. O-O O-O 10. Re1 dxe5 11. dxe5 a6 12. Qe2 b5 13. Qe4 g6 14. Bh6 Re8 15.
Nbd2 Bb7 16. Rad1 Qc7 17. Qg4 Rad8 18. Bb1 Na5 19. h4 Nc4 20. h5 Nxd2 21. Rxd2
Bf8 22. Bg5 Ne7 23. hxg6 hxg6 24. Rxd8 Rxd8 25. Bf6 Bxf3 26. Qxf3 Rd7 27. Bg5
Bg7 28. Qa8+ Qc8 29. Qe4 Qc6 30. Qh4 Nf5 31. Bxf5 exf5 32. Rc1 Qb7 33. Bf6 Rc7
34. Re1 Qd5 35. Bxg7 Kxg7 36. Qf6+ Kg8 37. e6 fxe6 38. Qxg6+ Rg7 39. Qxe6+ Qxe6
40. Rxe6 Ra7 41. Rf6 a5 42. Rxf5 b4 43. axb4 axb4 44. Rb5 Ra4 45. Kh2 Kf7 46. f3
Ke6 47. b3 Ra2 48. Rxb4 1-0